000 00826nam a22002297a 4500
999 _c19532
_d19532
008 240305b ||||| |||| 00| 0 eng d
020 _a9814119970
082 _aDC 604.2
_bG36t 2003
100 _aGiesecke, Frederick E.
_954027
245 _aTechnical drawing /
_cFrederick E. Giesecke and five others.
250 _a12th edition.
260 _aSingapore :
_bPrentice Hall,
_c©2003.
300 _aix, 702 pages :
_billustrations ;
_c24 cm.
500 _aIncludes bibliographical references and index.
650 _aMechanical drawing.
_954028
700 _aMitchell, Alva,
_eauthor.
_954029
700 _aSpencer, Henry Cecil,
_eauthor.
_954030
700 _aHill, Ivan Leroy,
_eauthor.
_954031
700 _aDygdon, John Thomas,
_eauthor.
_954032
700 _aNovak, James E.,
_eauthor.
_954033
942 _2ddc
_cDC